000 00733nam a2200253 i 4500
001 000009643
005 20200929161644.0
008 780616r1977 sp 000 1 spa
010 _a78342214
015 _aSp77-May
020 _a8432213586 :
_c320ptas
040 _aDO-SdBNP
_cDLC
_dBNPHU
082 _a863.64
_bO87f
100 1 _aOtero Silva, Miguel.
_921289
245 1 0 _aFiebre /
_cMiguel Otero Silva.
260 _aBarcelona :
_bSeix Barral,
_c1977.
300 _a313 p., 2 leaves ;
_c20 cm.
490 1 _aNueva narrativa hispánica
650 4 _aNovela española
_91123
650 4 _aLiteratura española
_9632
830 0 _aNueva narrativa hispánica
_922001
910 _aCatalogación por copia / LC
049 _aBNGR
999 _c9403
_d9403